Geometry Dash - Most Downloaded 2014 Levels - Statistics

General Stats
  • This quiz has been taken 8 times
  • The average score is 11 of 20
Answer Stats
Publisher Difficulty ID Answer Downloads % Correct
DORABAE Normal 1389451 dorabaebasic4 52,800,000
100%
DORABAE Hard 1734354 dorabaebasic5 30,800,000
100%
MasK463 Easy Demon 186646 Crescendo 35,100,000
67%
Rek3dge Easy Demon 2997354 DeCode 31,500,000
67%
Scanbrux Hard 150245 Dreamland 78,700,000
67%
TheRealDarnoc Insane 187254 FLAPPY BIRD 29,800,000
67%
TrueNature Easy Demon 1777565 Laser Room 46,000,000
67%
ZenthicAlpha Easy Demon 3543219 Speed Racer 62,300,000
67%
ZelLink Hard 1649640 UFOgeist 28,000,000
67%
ZelLink Normal 1512012 UFO Madness 42,500,000
67%
ZelLink Hard 1602784 UFO on Track 30,300,000
67%
IIINePtunEIII Easy Demon 341613 Xstep v2 55,900,000
67%
ZenthicAlpha Normal 1244147 Back on Track RM 48,500,000
33%
ZenthicAlpha Hard 1314024 Dry Out RM 38,800,000
33%
MrCheeseTigrr Hard 490078 Easy 32,800,000
33%
PMK Normal 215705 End Of Line 70,300,000
33%
Creator Cloud Hard 1642022 flappy hexagon 54,100,000
33%
Mitchell Hard 1629780 Hexagon HyperDrive 31,600,000
33%
Dverry Easy 2867632 lucid dream 29,500,000
33%
Mixroid Hard 151245 Polargeist v01 31,700,000
33%
No matching quizzes found
Score Distribution
Percent of People with Each Score
Percentile by Number Answered
Your Score History
You have not taken this quiz